000 00456nam a2200181Ia 4500
001 17473
005 20260306171520.0
008 260306s9999||||xx |||||||||||||| ||und||
041 _aESP
082 _a658
_bK74A 2012
100 _aKoontz, Harold
_eAUT
245 0 _aAdministración:
_buna perspectiva global y empresarial
260 _c2012
300 _axxvi, 651 páginas :
_c27 cm.
650 _aGEN
654 _aCAN
942 _cLIB
_dJUS
_fJUS
_2ddc
_n
999 _c17473
_d17473